Versicherungsmathematik I. Elemente der Versicherungsrechung
Salvato in:
| Natura: | Libro |
|---|---|
| Lingua: | tedesco |
| Pubblicazione: |
Berlin
Walter de Gruyter Co.
1937
|
| Tags: |
Nessun Tag, puoi essere il primo ad aggiungerne!!
|
MARC
| LEADER | 00000nam a2200000 4500 | ||
|---|---|---|---|
| 001 | 0268132 | ||
| 005 | 20240822101711.3 | ||
| 041 | 0 | |a ger | |
| 044 | |a DE | ||
| 245 | 1 | 0 | |a Versicherungsmathematik I. |b Elemente der Versicherungsrechung |c Friedrich Böhm |
| 264 | 1 | |a Berlin |b Walter de Gruyter Co. |c 1937 | |